El Matrimoni infantil a Catalunya i Europa / per Santiago de Llobet Masachs
ISBN:
84-9779-324-2
Descripción Física:
354 p. : quadres ; 24 cm
Colección:
Estudis ; 31
MARC
| LEADER | 00000nam a2200000Ia 4500 | ||
|---|---|---|---|
| 001 | 18163 | ||
| 008 | 160829s2005 xx 000 0 cat d | ||
| 020 | |a 84-9779-324-2 | ||
| 080 | |a H-2-342 | ||
| 100 | |a Llobet Masachs, Santiago de |9 23383 | ||
| 245 | |a El Matrimoni infantil a Catalunya i Europa / per Santiago de Llobet Masachs | ||
| 260 | |a Barcelona : |b Fundació Noguera, |c 2005 | ||
| 300 | |a 354 p. : |b quadres ; |c 24 cm | ||
| 490 | |a Estudis ; 31 | ||
| 590 | |a Bibliografia | ||
| 650 | |a Matrimoni infantil |x Història |x Catalunya |9 23384 | ||
| 650 | |a Matrimoni infantil |x Història |x Europa |9 23385 | ||
| 901 | |a Arxiu | ||
| 942 | |n 1 | ||
| 952 | |0 0 |1 0 |4 0 |6 H2342 |7 1 |9 42689 |a Arxiu |b Arxiu |d 2016-12-01 |l 0 |o H-2-342 |p 18163 |r 2016-12-01 00:00:00 |w 2016-12-01 |y ARXIU | ||
| 999 | |c 45195 |d 45195 | ||